[Event "FRA-ch Blitz Online Qual"]
[Site "Europe Echecs INT"]
[Date "2020.05.16"]
[Round "14"]
[White "Henry, Tony"]
[Black "Mouret, Paul"]
[Result "1-0"]
[WhiteElo "1979"]
[BlackElo "1748"]
[PlyCount "119"]
[EventDate "2020.05.16"]
[EventType "swiss (blitz)"]
[EventRounds "15"]
[EventCountry "FRA"]
[SourceTitle "CBM 196 Extra"]
[Source "ChessBase"]
[SourceDate "2020.07.31"]
[SourceVersion "1"]
[SourceVersionDate "2020.07.31"]
[SourceQuality "1"]

1. e4 d5 2. exd5 Nf6 3. d4 Nxd5 4. c4 Nb6 5. c5 Nd5 6. Bc4 e6 7. Nc3 Be7 8. Nf3 0-0 9. 0-0 c6 10. Nxd5 exd5 11. Bd3 Bg4 12. Bc2 g6 13. h3 Be6 14. Bh6 Re8 15. Qd2 Bf6 16. Rfe1 Nd7 17. Re2 b6 18. b4 b5 19. Rae1 a5 20. a3 axb4 21. axb4 Ra2 22. Qf4 Qb8 23. Bb1 Rxe2 24. Rxe2 Qxf4 25. Bxf4 Bg7 26. g4 Nf6 27. Kg2 Bd7 28. Ne5 Rd8 29. Bd3 h6 30. Nxd7 Rxd7 31. Be5 Re7 32. f4 Nd7 33. Bd6 Rxe2+ 34. Bxe2 Nf6 35. Be5 Ne4 36. Bxb5 Nd2 37. Bxc6 Bxe5 38. fxe5 Nb3 39. b5 Nxd4 40. Kf2 Kf8 41. Ke3 Nb3 42. b6 Nxc5 43. b7 Na6 44. Bxd5 Ke7 45. Kd4 f6 46. exf6+ Kxf6 47. Kc4 Ke7 48. Bg2 Kd6 49. Kb5 Nb8 50. Kb6 g5 51. Ka7 Kc7 52. Bf3 Nd7 53. Be4 Nb8 54. Bf5 Nc6+ 55. Ka6 Nb8+ 56. Kb5 Kxb7 57. Kc5 Kc7 58. Kd5 Nc6 59. Ke6 Nd4+ 60. Kf6 1-0